[Event "St Petersburg op"]
[Site "St Petersburg"]
[Date "2001.??.??"]
[Round "5"]
[White "Nadjezhdin, Dmitry"]
[Black "Novikov, Mikhail V"]
[Result "1-0"]
[WhiteElo "2259"]
[BlackElo "2382"]
[PlyCount "113"]
[EventDate "2001.??.??"]
[EventType "swiss"]
[EventRounds "9"]
[EventCountry "RUS"]
[SourceTitle "EXT 2002"]
[Source "ChessBase"]
[SourceDate "2001.11.25"]
[SourceVersion "1"]
[SourceVersionDate "2001.11.25"]
[SourceQuality "1"]

1. e4 c5 2. Nf3 d6 3. d4 cxd4 4. Nxd4 Nf6 5. Nc3 a6 6. f3 e5 7. Nb3 Be6 8. Be3 Nbd7 9. Qd2 h5 10. Nd5 Nxd5 11. exd5 Bf5 12. Na5 Qc7 13. c4 b6 14. Nc6 Nb8 15. Nxb8 Rxb8 16. a4 Be7 17. Bd3 Bxd3 18. Qxd3 0-0 19. 0-0 f5 20. b3 Qd7 21. Ra2 Rfe8 22. Kh1 Bf8 23. Qd2 g6 24. Qb4 Qc7 25. Re2 Kh7 26. Qd2 Bg7 27. f4 Qd7 28. Rfe1 b5 29. cxb5 axb5 30. a5 b4 31. fxe5 dxe5 32. a6 e4 33. a7 Rb5 34. Rd1 Bc3 35. Qa2 Rxd5 36. Rxd5 Qxd5 37. g3 h4 38. Kg2 hxg3 39. hxg3 g5 40. Bxg5 e3+ 41. Kh2 f4 42. gxf4 Qf3 43. Qc2+ Kg7 44. Rg2 Qh5+ 45. Bh4+ Kf7 46. Kh3 Qf3+ 47. Rg3 Qh1+ 48. Kg4 Rg8+ 49. Bg5 Re8 50. Qf5+ Kg7 51. Qd7+ Kf8 52. Rh3 Qg2+ 53. Kh5 Qe2+ 54. Kh6 Qg2 55. Kh7 Qe4+ 56. f5 Bg7 57. Qxg7# 1-0

[Event "St Petersburg op"]
[Site "St Petersburg"]
[Date "2001.??.??"]
[Round "4"]
[White "Novikov, Mikhail V"]
[Black "Timoshin, Juri"]
[Result "1-0"]
[WhiteElo "2382"]
[BlackElo "2170"]
[PlyCount "69"]
[EventDate "2001.??.??"]
[EventType "swiss"]
[EventRounds "9"]
[EventCountry "RUS"]
[SourceTitle "EXT 2002"]
[Source "ChessBase"]
[SourceDate "2001.11.25"]
[SourceVersion "1"]
[SourceVersionDate "2001.11.25"]
[SourceQuality "1"]

1. d4 Nf6 2. Nf3 g6 3. c4 Bg7 4. g3 0-0 5. Bg2 d6 6. 0-0 Nbd7 7. Nc3 e5 8. e4 a5 9. Re1 c6 10. h3 Qb6 11. Na4 Qc7 12. dxe5 dxe5 13. c5 b5 14. cxb6 Nxb6 15. Nxb6 Qxb6 16. Nxe5 Ba6 17. Qc2 Rfe8 18. Nd3 Rad8 19. Nc5 Nd5 20. a3 Bb5 21. Bg5 f6 22. exd5 fxg5 23. Ne6 cxd5 24. Nxd8 Rxd8 25. Rab1 Bd4 26. b3 Kh8 27. Rbd1 Rf8 28. Rd2 Qf6 29. Rxd4 Qxd4 30. Rd1 Qe5 31. Qc5 Rb8 32. Rxd5 Qg7 33. Qd6 Qb7 34. Qe5+ Kg8 35. Rd8+ 1-0